000 00303nam a2200109Ia 4500
008 220624s9999 xx 000 0 und d
020 _a1868390098
082 _aAF JOU
100 _aJoubert, Junita
_9107634
245 0 _aOM DIE LIEFDTE TE EIEN
942 _cBK
_w561
_xJohn Tresidder
_y
_zCRON CRON
999 _c687165
_d687164